Comprende a miedo (Registro nro. 112472)

Detalles MARC
000 -LEADER
campo de control de longitud fija 01033 a2200313 i 4500
001 - NÚMERO DE CONTROL
campo de control 112472
003 - IDENTIFICADOR DE NÚMERO DE CONTROL
campo de control mxcmmo
005 - FECHA Y HORA DE LA ÚLTIMA TRANSACCIÓN
campo de control 20260331231341.0
008 - DATOS DE LONGITUD FIJA--INFORMACIÓN GENERAL
campo de control de longitud fija 241111s2022 sp a|||a |||| 00| j spa d
020 ## - NÚMERO INTERNACIONAL ESTÁNDAR DEL LIBRO
Número Internacional Estándar del Libro 9788426734266
035 ## - NÚMERO DE CONTROL DEL SISTEMA
Número de control de sistema 240919
040 ## - FUENTE DE CATALOGACIÓN
Centro catalogador/agencia de origen mxcmmo
Lengua de catalogación spa
Centro/agencia transcriptor mxcmmo
Normas de descripción rda
041 0# - CÓDIGO DE IDIOMA
Código de lengua del texto/banda sonora o título independiente spa
082 04 - NÚMERO DE LA CLASIFICACIÓN DECIMAL DEWEY
Clasificación 868.99
Número de ítem IBA.c
100 1# - ENTRADA PRINCIPAL--NOMBRE DE PERSONA
Nombre de persona Ibarrola, Begoña
Fechas asociadas al nombre 1954-
Término indicativo de función/relación autor
245 10 - MENCIÓN DEL TÍTULO
Título Comprende a miedo
Resto del título : cuento para entender y aprender a gestionar el miedo en la infancia/
Mención de responsabilidad, etc. Begoña Ibarrola ; ilustraciones Andrés Pabón
250 ## - MENCION DE EDICION
Mención de edición Primera edición
264 #1 - PRODUCCIÓN, PUBLICACIÓN, DISTRIBUCIÓN, FABRICACIÓN Y COPYRIGHT
Producción, publicación, distribución, fabricación y copyright Madrid, España :
Nombre del de productor, editor, distribuidor, fabricante Editorial Sentir,,
Fecha de producción, publicación, distribución, fabricación o copyright 2022
300 ## - DESCRIPCIÓN FÍSICA
Extensión 29 páginas sin numerar :
Otras características físicas ilustraciones a color ;;
Dimensiones 21 cm
336 ## - TIPO DE CONTENIDO
Término de tipo de contenido texto
Código de tipo de contenido txt
Fuente rdacontent
337 ## - TIPO DE MEDIO
Nombre/término del tipo de medio sin medio
Código del tipo de medio n
Fuente rdamedia
338 ## - TIPO DE SOPORTE
Nombre/término del tipo de soporte volumen
Código del tipo de soporte nc
Fuente rdacarrier
490 0# - MENCIÓN DE SERIE
Mención de serie Colección Plantánimals
541 0# - NOTA DE FUENTE DE ADQUISICIÓN DIRECTA
Forma de adquisición Compra
Fuente de adquisición CINAR EDITORES
650 #0 - PUNTO DE ACCESO ADICIONAL DE MATERIA--TÉRMINO DE MATERIA
Término de materia o nombre geográfico como elemento de entrada Emociones
9 (RLIN) 102040
650 #0 - PUNTO DE ACCESO ADICIONAL DE MATERIA--TÉRMINO DE MATERIA
Término de materia o nombre geográfico como elemento de entrada Literatura infantil
9 (RLIN) 24859
700 1# - ENTRADA AGREGADA--NOMBRE PERSONAL
Nombre de persona Pabón, Andrés
Término indicativo de función/relación ilustrador
942 ## - ELEMENTOS DE ENTRADA SECUNDARIOS (KOHA)
Tipo de ítem Koha Libro
901 ## - ELEMENTOS DE DATOS A LOCAL LDA (RLIN)
a batch batch
Existencias
Estatus retirado Estado de pérdida Fuente del sistema de clasificación o colocación Estado de daño Restricciones de uso No para préstamo Colección Biblioteca de origen Biblioteca actual Fecha de adquisición Fuente de adquisición Coste, precio normal de compra Número de inventario Total de préstamos Signatura topográfica completa Código de barras Visto por última vez Coste, precio de reemplazo Precio de reemplazo Tipo de ítem Koha
    Clasificación Decimal Dewey   En sala   Colección Infantil Biblioteca Nicolas Poussin Biblioteca Nicolas Poussin 11/11/2024 Compra 297.00 139909   (CI)/868.99 IBA.c 33006801144178 11/11/2024 540.00 11/11/2024 Libro préstamo regular